Pokémon given Weird Typings - Statistics

General Stats
  • This quiz has been taken 18 times
  • The average score is 7 of 9
Answer Stats
Description Types Answer % Correct
A Pokémon with a Fairy like Design which helps people andare often known to be Medics, but they aren’t Fairy at all. Normal Chansey
92%
A Kind of Dragon like, Green and Red Pokémon that shouldn’treally be classified as Dragon, and does not look Ground related Ground-Dragon Flygon
92%
A Deer Like Pokémon with Strong Psychic Powers by usingit’s Antlers, but it is just a Normal Type Normal Stantler
92%
A Long Water Worm like Pokémon that doesn’t fly at all Water-Flying Gyarados
85%
Another Pokémon with a Fairy like Design which helps people and are often known to be Medics, but they aren’t Fairy at all. Normal Blissey
77%
The Aura Pokémon that somehow does not have Psychic Type Steel-Fighting Lucario
77%
A Pokémon based off Ruinous Rocks with Paintings on them,formed together by a Ghost-like Body, but no, it is not a Rock Type. Ground-Ghost Runerigus
77%
An Insect that can Fly and Make Loud Sounds with their wings,but it is not a Bug Type and has nothing to do with Ground Ground-Dragon Vibrava
62%
A Colorful Worm living around dirt and ground, but still it’snot a Ground Type Normal Dunsparce
54%
No matching quizzes found
Score Distribution
Percent of People with Each Score
Percentile by Number Answered
Your Score History
You have not taken this quiz